| 000 | 00775nam a22002051cc4500 | ||
|---|---|---|---|
| 001 | a987693044+Band1 | ||
| 035 | _aa987693044 | ||
| 008 | 200211s1964 gw |||| 000u ger d | ||
| 041 | _ager | ||
| 100 | 1 |
_aTotok, Wilhelm _916996 |
|
| 245 | 0 | 0 |
_aHandbuch der Geschichte der Philosophie _cUnter Mitarbeit von Helmut Schröer _nBand 1 _pAltertum. Indische, Chinesische, Griechisch-römische Philosophie / |
| 264 |
_aFrankfurt am Main : _bVittorio Klostermann, _c1964 |
||
| 300 | _a400 Seiten | ||
| 700 | 1 |
_aSchröer, Helmut _eMitarbeiterIn _916997 |
|
| 246 | 1 | 2 |
_aHandbuch der Geschichte der Philosophie. Altertum. Indische, Chinesische, Griechisch-römische Philosophie _nBand 1 |
| 773 | 0 | 8 |
_wa987693044 _qBand1 |
| 942 | _cMG | ||
| 040 | _cRU-10907106 | ||
| 003 | RU-10907106 | ||
| 999 |
_c29631 _d29631 |
||